000 00311 a2200145 4500
001 153780
040 _cEscola São Tomás de Aquino
100 _aCOPPELLI,Alba
240 1 0 _aO mico-leão
_lpor
245 1 0 _aO mico-leão
362 0 _a1995
440 1 _aFTD
697 _a*LITERATURA JUVENIL
942 _cBK
999 _c153780
_d153780